1925 1287 1663 1487 1228 1073 1358 1005 1978 1107 1640 1301 1149 1741 1819 1397 1912 1645 1753 1504 1056 1193 1204 1116 1482 1616 1129 1759 1568 1844 1547 1128 1925 1033 1907 1659 1114 1377 1050 1501 1718 1655 1034 1124 1914 1989 1208 1921 1892 1811 1491 1761 1321 1924 1631 1904 1541 1194 1972 1177 1286 1346 1283 1628 1220 1972 1908 1317 1870 1600 1666 1849 1061 1783 1362 1919 1125 1143 1531 1583 1209 1463 1286 1346 1021 1657 1450 1894 1549 1546 1636 1560 1729 1170 1475 1010 1308 1802 1254 BCNSPRNW ULIB Ver.6.0+V

เปลี่ยนเป็นภาษาไทย

Change to English
 แสดงรายละเอียดบรรณานุกรม
  กลับหน้าหลัก

Brief Record : Get Marc (ISO 2709) : E-mail record : QR code < ปิดหน้าต่าง
LEADER : 00000nam 2200000uu 4500
001    13399111813
003     ULIB
008    110708s2545||||th 000 0 tha d
050  4 DS584^bช527พ 2545
100 0  ชาลี เอี่ยมกระสินธุ์
245 10 พระปกเกล้าฯ กษัตริย์นักประชาธิปไตย/^cชาลี เอี่ยมกระสินธุ์
260    กรุงเทพฯ :^bชมรมนักเขียนอาวุโสประเทศไทย,^c2545
300    664 หน้า :^bภาพประกอบ
650  7 พระบาทสมเด็จพระปกเกล้าเจ้าอยู่หัว
710 1  ชมรมนักเขียนอาวุโสประเทศไทย
945    ^p1900^l0^i019382
945    ^p1900^l0^i019383
995    ทศพร
999 ^a ใช้งานได้ทุกระบบ
รายการนี้ยังไม่มีแท็ก
คุณยังไม่ได้ล็อกอิน คุณสามารถมีกิจกรรมร่วมกับเว็บไซต์ได้ แต่ต้องล็อกอินก่อน ::
  ล็อกอิน

รายการสื่อสารสนเทศ

ลำดับที่ ประเภท เลขเรียก/บาร์โค้ด สถานที่ สถานะ
- ไม่พบข้อมูล -

BibComment


ยังไม่เคยถูกคอมเมนท์

คอมเมนท์ทรัพยากรรายการนี้
  คอมเมนท์: พระปกเกล้าฯ กษัตร..


 Copyright 2026. Bcnsprnw @Library